| 000 | 00000nam##2200000za#4500 |
| 001 | 9.699310 |
| 003 | CaOODSP |
| 005 | 20210625000325 |
| 007 | cr ||||||||||| |
| 008 | 150407|1912||||xxc|||||o f|0| 0 eng|d |
| 040 | |aCaOODSP|beng |
| 043 | |an-cn--- |
| 086 | 1 |aA22-583/1912E-PDF |
| 110 | 1 |aCanada.|bAgriculture Canada. |bDominion Experimental Farms. |
| 245 | 12|aA guide to the experimental farms and stations |h[electronic resource] |
| 246 | 1 |iAt head of title : |aDominion Experimental Farms |
| 260 | |aOttawa - Ontario : |bAgriculture Canada. |c1912. |
| 300 | |a176p.|bmaps, photographs |
| 500 | |aHistorical publication digitized by Agriculture and Agri-Food Canada. |
| 590 | |a14-11-Supp|b2014-05-21 |
| 690 | 07|aCrops|2gcpds |
| 690 | 07|aLivestock|2gcpds |
| 690 | 07|aAgriculture|2gcpds |
| 690 | 07|aFarming|2gcpds |
| 775 | 08|tGuide des fermes et stations expérimentales |w(CaOODSP)9.643295 |
| 856 | 40|ahttp://publications.gc.ca|qPDF|s41.5 MB|uhttps://publications.gc.ca/collections/collection_2014/aac-aafc/agrhist/A22-583-1912-eng.pdf |